| 000 | 01043naa a2200229 i 4500 | ||
|---|---|---|---|
| 001 | BPP | ||
| 003 | BPK | ||
| 005 | 20190606151716.0 | ||
| 008 | 141023s1978 pl f |100 0 pol | ||
| 040 | _cBPK | ||
| 080 | _a621.9 | ||
| 100 |
_aKACALAK, Wojciech. _d1970 - 1996. _bWyższa Szkoła Inżynierska w Koszalinie - Instytut Budowy Maszyn, _cZakład Obrabiarek i Obróbki Skrawaniem |
||
| 245 |
_aTeoretyczne i doświadczalne podstawy minimalizacji odkształceń cieplnych w szlifowanych próbach / _cWojciech Kacalak. |
||
| 260 | _c1978. | ||
| 500 | _aDane z kartoteki BPP. | ||
| 650 | 0 | _aNaprężenia i odkształcenia. | |
| 655 | 0 | _aMateriały konferencyjne. | |
| 650 | 0 | _aSzlifowanie | |
| 773 |
_iW : _tPodstawy optymalizacji procesów obróbki skrawaniem : Ogólnopolska Konferencja Naukowa. - _dKraków : Politechnika Krakowska, 1978. - _g10 s. |
||
| 711 |
_aOgólnopolska Konferencja Naukowa nt. Podstawy optymalizacji procesów obróbki skrawaniem _d(1978 ; _cKraków, Polska). _pOPTIMOS'78 |
||
| 942 |
_cART _2UKD |
||
| 999 |
_c6632 _d6632 |
||